| 000 | 00838nam a2200253 i 4500 | ||
|---|---|---|---|
| 001 | bg | ||
| 100 | 1 | _aMIECIELICA, Mirosław | |
| 245 | 1 | 0 |
_aKomputerowe wspomaganie wytwarzania CAM / _cMirosław Miecielica, Grzegorz Kaszkiel. |
| 260 |
_aWarszawa : _b"Mikom", _c1999. |
||
| 300 |
_a90 s. : _brys. ; _c24 cm. |
||
| 504 | _aBibliogr. s. 87. | ||
| 521 | _aDla pracowników firm posiadających programy CAD i wdrażających systemy CAM w swej produkcji oraz dla studentów i uczniów kierunków mechanicznych. | ||
| 650 | 9 |
_aProjektowanie _xautomatyzacja |
|
| 650 | 9 |
_aProdukcja _xautomatyzacja |
|
| 655 | _aPodręczniki | ||
| 700 | 1 | _aKASZKIEL, Grzegorz | |
| 020 | _a8371581599 | ||
| 040 | _cBPK | ||
| 041 | 0 | _apl | |
| 080 | _a004.4(07) | ||
| 920 | _a83-7158-159-9 | ||
| 942 | _cKS | ||
| 008 | s pl f |000 0 pol | ||
| 999 |
_c39779 _d39779 |
||
| 856 |
_uhttp://koha.tu.koszalin.pl/cgi-bin/koha/opac-detail.pl?biblionumber=39779 _yKatalog online BPK |
||